000 01070cam a2200241 4500
001 WB4018-05
008 040513n2004 000 0 eng u
035 _a(Sirsi) u126198
245 _aEconomic recovery fuels investor demand
260 _c2004
490 _aRICS Economic Forecasts
_v12 May 2004 (4)
520 _aThe latest "RICS Economic forecast: UK commercial property" shows that residential buy-to-let investors are switching to business premises. Rents are poised to rise as the economic recovery continues. Meanwhile the commercial property market is expected to see further good returns to investors in 2004. The report is available on the RICS website, http://www.rics.org/ricscms/bin/show?class=Economi cForecasts&template=/includes/showeconomicforecast s.html&id=21.
590 _aWB
590 _aWB
650 _aBUY-TO-LET
650 _aRESIDENTIAL PROPERTY
_96266
650 _aOFFICE PROPERTY
650 _aRENTAL MARKET
650 _aINVESTORS
650 _aECONOMIC RECOVERY
690 _aCOMMERCIAL PROPERTY-MARKET
942 _n0
999 _c117350
_d117350